000
00328nam a22001457a 4500
008
||||| |||| 00| 0 eng d
020
_a
210310b 9780534947286
041
_a
eng
080
_a
004
082
_a
004
100
_a
28
101
_a
SHKI
245
_a
Introduction the Theory of Computation
_c
Sipser,M
942
_2
udc
_c
BK
999
_c
56260
_d
56260